000 00523nam a2200169Ia 4500
008 140609s9999 xx 000 0 und d
020 _a9780823010295
050 _aNC 1764
_b.J359 2003
100 _aJanson, Klaus.
245 4 _aThe DC comics guide to inking comics /
_cKlaus Janson ; introduction by Frank Miller
260 _aNew York :
_bWatson-Guptill Publications,
_cc2003.
300 _a128 p. :
_bill. (some col.) ;
_c27 cm.
500 _aIncludes index.
521 _aMA
942 _kFOR
_cBK
999 _c117989
_d117989